Venezuela State Capital Cities Quiz - Statistics

General Stats
  • This quiz has been taken 266 times
  • The average score is 18 of 25
Answer Stats
Hint Answer % Correct
Capital District Caracas
99%
Zulia Maracaibo
87%
Carabobo Valencia
85%
Mérida Mérida
84%
Bolívar Ciudad Bolívar
82%
Anzoátegui Barcelona
79%
Barinas Barinas
79%
Lara Barquisimeto
79%
Falcón Coro
79%
Aragua Maracay
79%
Táchira San Cristóbal
74%
Miranda Los Teques
71%
Trujillo Trujillo
71%
Amazonas Puerto Ayacucho
70%
Apure San Fernando de Apure
69%
Delta Amacuro Tucupita
69%
Monagas Maturín
63%
Nueva Esparta La Asunción
62%
Cojedes San Carlos
62%
Sucre Cumaná
61%
Guárico San Juan De Los Morros
61%
Vargas La Güaira
59%
Yaracuy San Felipe
56%
Portuguesa Guanare
55%
Federal Dependencies Los Roques
34%
No matching quizzes found
Score Distribution
Percent of People with Each Score
Percentile by Number Answered
Your Score History
You have not taken this quiz